Nottingham Squad 25/26 - Statistics

General Stats
  • This quiz has been taken 47 times
  • The average score is 17 of 28
Answer Stats
# Nation Former Club Answer % Correct
10 England Wolves Morgan Gibbs-White
90%
3 Wales Liverpool Neco Williams
83%
31 Serbia Fiorentina Nikola Milenkovic
83%
11 New Zealand Newcastle Chris Wood
76%
7 England Chelsea Callum Hudson-Odoi
69%
35 Ukraine Arsenal Oleksandr Zinchenko
69%
14 Switzerland Bologna Dan Ndoye
66%
12 Brazil Juventus Douglas Luiz
66%
8 England Newcastle Elliot Anderson
66%
6 Ivory Coast PSV Ibrahim Sangare
66%
5 Brazil Corinthians Murillo
66%
34 Nigeria Torino Ola Aina
66%
19 Brazil Botafogo Igor Jesus
62%
26 Belgium Strasbourg Matz Sels
62%
24 England Man City James McAtee
59%
4 Brazil Benfica Morato
59%
16 Argentina Bologna Nicolas Dominguez
59%
9 Nigeria Union Berlin Taiwo Awoniyi
55%
30 Ivory Coast Wolves Willy Boly
55%
37 Italy Juventus Nicolo Savona
52%
21 England Ipswich Town Omari Hutchinson
52%
15 France Stade Rennais Arnaud Kalimuendo
48%
29 France Strasbourg Dilane Bakwa
48%
23 Brazil Botafogo Jair Cunha
48%
22 England Youth Ryan Yates
48%
18 Scotland Norwich City Angus Gunn
45%
13 Brazil Botafogo John Victor
45%
20 Portugal Vitoria Jota Silva
38%
No matching quizzes found
Score Distribution
Percent of People with Each Score
Percentile by Number Answered
Your Score History
You have not taken this quiz